1292 1167 1908 1741 1864 1831 1734 1540 1299 1124 1024 1394 1538 1056 1280 1795 1164 1861 1220 1020 1848 1296 1590 1888 1632 1122 1702 1299 1852 1974 1740 1705 1731 1977 1167 1036 1848 1596 1168 1327 1495 1457 1967 1435 1111 1951 1176 1756 1222 1859 1729 1404 1226 1014 1483 1194 1792 1174 1407 1577 1018 1369 1183 1101 1857 1795 1856 1162 1199 1476 1519 1661 1323 1069 1446 1247 1173 1659 1741 1762 1722 1183 1756 1659 1522 1638 1806 1352 1134 1859 1066 1044 1723 1597 1464 1061 1916 1763 1589 BCNSPRNW ULIB Ver.6.0+V

เปลี่ยนเป็นภาษาไทย

Change to English
 แสดงรายละเอียดบรรณานุกรม
  กลับหน้าหลัก

Brief Record : Get Marc (ISO 2709) : E-mail record : QR code < ปิดหน้าต่าง
LEADER : 00000nam 2200000uu 4500
001    13399126265
003     ULIB
008    180827s2560||||th 000 0 tha d
020    ^a9786164456099^c250
040    ^aSongkhla Rajabhat University
060 04 ^aWA525^bจ647ก
100 0  ^aจารุวรรณ ธาดาเดช
245 10 ^aการวางแผนพัฒนาสุขภาพและการจัดการ /^cจารุวรรณ ธาดาเดช, ปิยธิดา ตรีเดช
250    ^aพิมพ์ครั้งที่ 2 (ฉบับปรับปรุง)
260    ^aกรุงเทพฯ :^bภาควิชาบริหารงานสาธารณสุข คณะสาธารณสุขศาสตร์ มหาวิทยาลัยมหิดล,^c2560
300    ^a232 หน้า
505 0  ^aสุขภาพ และระบบสุขภาพ -- การจัดการ -- การวางแผนพัฒนาสุขภาพ
650  7 ^aการบริหารสาธารณสุข
650  7 ^aสาธารณสุข^zไทย
650  7 ^aนโยบายสาธารณสุข^zไทย
700 0  ^aปิยธิดา ตรีเดช
945    ^p250^l0^i004438
945    ^p250^l0^i004437
945    ^p250^l0^i004436
999    ^aประนอม เกษจรัล
รายการนี้ยังไม่มีแท็ก
คุณยังไม่ได้ล็อกอิน คุณสามารถมีกิจกรรมร่วมกับเว็บไซต์ได้ แต่ต้องล็อกอินก่อน ::
  ล็อกอิน

รายการสื่อสารสนเทศ

ลำดับที่ ประเภท เลขเรียก/บาร์โค้ด สถานที่ สถานะ
1. วิทยาศาสตร์การแพทย์ และสุขภาพ
หนังสือสำรอง
สถานะ=หนังสือสำรอง
WA525 จ647ก ฉ.1 
  Barcode: 004436
ห้องสมุดวิทยาเขตสวรรค์ประชารักษ์
►หนังสือทั่วไป
บนชั้น
2. วิทยาศาสตร์การแพทย์ และสุขภาพ
วิทยาศาสตร์การแพทย์ และสุขภาพ
WA525 จ647ก ฉ.2 
  Barcode: 004437
ห้องสมุดวิทยาเขตสวรรค์ประชารักษ์
►หนังสือทั่วไป
บนชั้น
3. วิทยาศาสตร์การแพทย์ และสุขภาพ
วิทยาศาสตร์การแพทย์ และสุขภาพ
WA525 จ647ก ฉ.3 
  Barcode: 004438
ห้องสมุดวิทยาเขตสวรรค์ประชารักษ์
►หนังสือทั่วไป
บนชั้น

รายการใกล้เคียง
    ผู้แต่ง [จารุวรรณ ธาดาเดช]

    หัวเรื่อง [การบริหารสาธารณสุข]

BibComment


ยังไม่เคยถูกคอมเมนท์

คอมเมนท์ทรัพยากรรายการนี้
  คอมเมนท์: การวางแผนพัฒนาสุ..


 Copyright 2026. Bcnsprnw @Library